000 01093nam a2200301 i 4500
003 DO-SdBNP
005 20240305122325.0
006 a||||fr|||| 00| 0
007 ta
008 230516e2022 dr c|||fr|||| 001 hdspa d
020 _a9789945181227
040 _aDO-SdBNP
_bspa
_cBNPHU
_erda
082 4 _a636.089
_bT693m
_222
100 1 _aTorres Ulloa, Alfonso
_958620
245 1 _aMujeres veterinarias:
_bhistoria de la medicina veterinaria en R. D. /
_cAlfonso Torres Ulloa
264 3 3 _aSanto Domingo :
_bLeo Antillas,
_c2022
300 _a340 páginas :
_bIlustraciones, retratos ;
_c22 cm.
336 _2rdaconten
_atexto
_btxt
337 _2rdamedia
_asin medición
_bn
338 _2rdacarrier
_avolumen
_bnc
500 _aIncluye datos biográficos del autor en la contracubierta
500 _aEjemplar autografiado
500 _aIncluye referencias bibliográficas y notas al pie de las páginas
590 _aInventariado 2023 / MF
650 4 _aMedicina veterinaria
_zRepública Dominicana
_983503
_xHistoria
910 _aValidado. Control de calidad MFF
942 _2ddc
_cLBS1
999 _c53545
_d53545